Poncio Pilato

Saved in:
Bibliografiske detaljer
Hovedforfatter: Caillois, Roger (Author)
Format: Bog
Sprog:spansk
Udgivet: Buenos Aires Sudamericana 1962
Udgivelse:1a. ed
Fag:
Tags: Tilføj Tag
Ingen Tags, Vær først til at tagge denne postø!

MARC

LEADER 00000cam a2200000 a 4500
001 UCD4968
003 CL-VaPUC
008 160731e19620000ag |||||||||||||||||spa|d
082 0 4 |a 232.4  |b CAI  |2 21 
100 0 |a Caillois, Roger  |e author  |9 588681 
245 1 0 |a Poncio Pilato 
250 |a 1a. ed 
300 |a 109 p 
942 |c BK 
945 |d 20160731 21:25:00  |a arojas 
260 |a Buenos Aires  |b Sudamericana  |c 1962 
650 0 |a Imperio Romano  |9 322785 
650 7 |a PASION DE CRISTO  |2 CL-VaPUC  |9 529805 
650 0 |a Cristianismo  |9 257361 
650 0 |a Gobernadores  |9 323856 
583 |a last modification  |c 20160731 21:25:00  |k Rodrigo Vera 
999 |c 365746  |d 365744 
952 |0 0  |1 0  |3 erb  |4 0  |6 232_400000000000000_CAI_1962  |7 0  |8 P  |9 479696  |a BIBTEO  |b BIBTES  |c TEO_FTES  |e Villagrán Garnham, Jorge  |i 5317231  |o 232.4 CAI 1962  |p 5317231  |r 2024-01-18  |w 2019-11-24  |y BK  |z Catalogado en:20160731  |k ICR